|
|
|
|
| LEADER |
00827nab a2200229 i 4500 |
| 001 |
misc65287 |
| 005 |
20240919090030.0 |
| 008 |
231002s1948 hu o 000 fre d |
| 040 |
|
|
|a SZTE Miscellanea Repozitórium
|b hun
|
| 041 |
|
|
|a fre
|
| 100 |
1 |
|
|a Zajączkowski Ananiasz
|
| 245 |
1 |
0 |
|a Remarques concernant les études sémantiques turques
|h [elektronikus dokumentum] /
|c Zajączkowski Ananiasz
|
| 260 |
|
|
|a Nakladem Polskiego Towarzystwa Orientalistycznego
|b Kraków
|c 1948
|
| 300 |
|
|
|a 145-158
|c 23 cm
|
| 300 |
|
|
|a [14] p.
|c 23 cm
|
| 490 |
0 |
|
|a Rocznik Orientalistyczny
|
| 561 |
|
|
|a Németh Gyula hagyaték
|
| 591 |
|
|
|a NOA 6494
|
| 650 |
|
4 |
|a Bölcsészettudományok
|
| 650 |
|
4 |
|a Nyelvek és irodalom
|
| 695 |
|
|
|a Török nyelv - szemantika
|
| 856 |
4 |
0 |
|u http://misc.bibl.u-szeged.hu/65287/1/6494_noa.pdf
|z Dokumentum-elérés
|